<Le> Dilemme de ľ amour et de la vertu et la revendication féminine dans les Lettres d`Adélaïde de Dammartin de Mme Riccoboni

Dilema lásky a cnosti v románe bývalej herečky, neskôr spisovateľky, Mme Riccoboni z 18. storočia.

Gespeichert in:
Bibliographische Detailangaben
1. Verfasser: Tureková, Andrea, 1979-
Format: Buchkapitel
Sprache:Französisch
Schlagworte:
Tags: Tag hinzufügen
Keine Tags, Fügen Sie das erste Tag hinzu!

MARC

LEADER 00000naa a2200000 4500
001 0225191
005 20240502083601.1
041 0 |a fre 
044 |a CZ 
245 1 0 |a <Le> Dilemme de ľ amour et de la vertu et la revendication féminine dans les Lettres d`Adélaïde de Dammartin de Mme Riccoboni  |c Andrea Tureková 
520 |a Dilema lásky a cnosti v románe bývalej herečky, neskôr spisovateľky, Mme Riccoboni z 18. storočia. 
610 2 0 |a literatúra 
610 2 0 |a jazyky cudzie 
610 2 0 |a francúzština 
100 1 |a Tureková, Andrea, 1979-